00466nam a2200181 a 4500001001300000003000900013005001700022008004100039020001000080082001500090100002800105245001700133260003700150300000900187500003500196650002500231700002800256nice12345678IN_TiNIC20260116011323.0050524s1934 hyda grp 000 0 ara  ac10000a297.4bJOO aAl-Jooziyah, Shamsuddin aKitabur Rooh aHyderabadbDairatul Maarifc1934 a327p aincludes index and biblioraphy aIslam-Doctrines-Soul1 aAl-Jooziyah, Shamsuddin